DC Characters - Statistics

General Stats
  • This quiz has been taken 1,268 times
  • The average score is 9 of 16
Answers on the Grid
Answers color-coded by a green-red scale on the quiz's grid according to % correct below.
Aqualad
SuperBoy
Hawkeye
Zatanna
Black Panther
Impulse
Flash
Kid Flash
Oracle
Orphan
Arrowette
Iron Man
Spider Man
Star Fire
Cyborg
Hulk
Thor
Gamora
Batman
Wonder Woman
Black Spider
Icon
Rocket Raccoon
Rocket
Groot
Wonder Man
Thanos
Nebula
War Machine
Booster Gold
 
Answer Stats
Answer % Correct
SuperBoy
83%
Aqualad
82%
Flash
79%
Kid Flash
75%
Cyborg
72%
Batman
71%
Wonder Woman
71%
Star Fire
69%
Zatanna
69%
Oracle
58%
Impulse
52%
Booster Gold
44%
Arrowette
42%
Orphan
37%
Icon
26%
Rocket
11%
No matching quizzes found
Score Distribution
Percent of People with Each Score
Percentile by Number Answered
Your Score History
You have not taken this quiz